Metal Gear characters [SPOILERS] - Statistics

General Stats
  • This quiz has been taken 226 times
  • The average score is 30 of 48
Answer Stats
Picture Answer % Correct
Naked Snake / Jack / Big Boss
99%
Raiden
98%
Solid Snake
98%
Revolver Ocelot / Adamska / Shalashaska
93%
Liquid Snake
92%
Psycho Mantis
90%
Quiet
90%
Venom Snake
90%
Solidus Snake
87%
The Boss
87%
Sniper Wolf
78%
Hal "Otacon" Emmerich
77%
Grey Fox
75%
Kazuhira Miller
75%
The End
75%
Volgin
73%
Roy Campbell / Colonel
72%
The Sorrow
70%
Vamp
69%
The Pain
68%
Major Zero
67%
Senator Armstrong
67%
The Fear
63%
The Fury
62%
Meryl Silverburgh (sorry haha)
61%
Samuel Rodrigues
61%
Iroquis Pliskin
60%
Mei Ling
60%
Fatman
59%
Vulcan Raven
58%
Naomi Hunter
55%
Nikolai Sokolov
55%
Olga Gurlukovich
53%
Johnny Sasaki
50%
Ivan Raikov
47%
Rosemary
46%
Paramedic
45%
Fortune
44%
Kenneth Baker
44%
Emma Emmerich
43%
Sundowner
37%
Decoy Octopus
36%
Natasha Romanenko
34%
Sergei Gurlukovich
33%
Donald Anderson
30%
Mistral
25%
Peter Stillman
21%
Drago Pettrovich Madnar
17%
No matching quizzes found
Score Distribution
Percent of People with Each Score
Percentile by Number Answered
Your Score History
You have not taken this quiz